| 000 | 00400nam a2200157Ia 4500 | ||
|---|---|---|---|
| 008 | 230718s9999 xx 000 0 und d | ||
| 041 | _aeng | ||
| 082 |
_a378.54 _bDEO |
||
| 100 | _aDeopujari U. | ||
| 245 | _aMaharashtra University Act 1994 | ||
| 260 |
_c2001 _bNagpur Law House |
||
| 300 | _a161 | ||
| 365 |
_cRs. _b150.00 |
||
| 700 | _aDeopujari U. | ||
| 906 |
_dB:1222911-Sep-2001 _cARCHIT _b22.5 |
||
| 999 |
_c302147 _d302147 |
||